Statistics for Best Baseball hitters ever

Click here to take the quiz!

General Stats

  • This quiz has been taken 299 times
  • The average score is 4 of 10

Answer Stats

Batting AveragePlayer% Correct
.344Ted Williams
87%
.366Ty Cobb
83%
.342Babe Ruth
69%
.358Roger Hornsby
48%
.345Tris Speaker
39%
.356Joe Jackson
36%
.349Lefty O' Doul
15%
.344Billy Hamilton (The old one)
5%
.342Dan Brouthers
5%
.346Ed Delehanty
3%

Score Distribution

Percentile by Number Answered

Percent of People with Each Score

Your Score History

You have not taken this quiz